000
00377nam a2200169Ia 4500
008
220531s9999 xx 000 0 und d
041
_a
eng
082
_b
COL
100
_a
Coles Editorial Board
_9
47815
245
_a
Tom Jones
260
_b
Rama
_c
2002
300
_a
109
542
_d
22-04-2002
650
_a
English
_9
47816
906
_d
2002-2003
999
_c
28029
_d
28029